000
00301nam a22001337a 4500
008
170612b xxu||||| |||| 00| 0 eng d
020
_a
0915220180
041
_a
eng
080
_a
324
100
_a
19
101
_a
SHP
245
_a
H.L MENCKEN ON THE 1949 ELECTION
_c
GOULDEN, J.C
942
_2
udc
_c
BK
999
_c
16968
_d
16968